000
00345pab a2200145 454500
008
180718b1999 xxu||||| |||| 00| 0 eng d
100
_a
Sahay, S.
245
_a
Issue of constitution review: a golden opportunity lost
260
_c
1999
300
_a
p.8
362
_a
16 Nov
650
_a
Constitutions
773
_a
Tribune
909
_a
44325
999
_c
44325
_d
44325